| 000 | 00430pab a2200157 454500 | ||
|---|---|---|---|
| 008 | 180718b2006 xxu||||| |||| 00| 0 eng d | ||
| 100 | _aKahne, Joseph | ||
| 245 | _aThe limits of political efficacy: educating citizens for a democratic society | ||
| 260 | _c2006 | ||
| 300 | _ap.289-96. | ||
| 362 | _aApr | ||
| 650 | _aEducation | ||
| 700 | _aWestheimer, Joel | ||
| 773 | _aPS: Political Science and Politics | ||
| 909 | _a71077 | ||
| 999 |
_c71077 _d71077 |
||